Disventure Camp Episodes - Statistics

General Stats
  • This quiz has been taken 36 times
    12 since last reset
  • The average score is 23 of 85
Answer Stats
Hint Answer % Correct
S1 Beta - E1 Here We Go Again
63%
S2 Remake - E1 Here We Go Again
63%
S1 - E10 Medal of Dis-Honor
50%
S1 Beta - E4 Wait, What?
50%
S1 - E13 A Hearts Desire
38%
S1 - E5 Baking My Heart!
38%
S4 - E1 Come One, Come All
38%
S1 Beta - E2 Deep Lake, High Lies
38%
S1 Beta - E5 Divide and Conquer
38%
S1 - E9 Don't open, Campers Inside
38%
S4 - E2 Down and Dirty
38%
S4 - E3 Hot Mess Express
38%
S1 Beta - E3 Lets Make a Deal
38%
S1 - E11 Lights Out
38%
S1 - E2 Logged & Loaded
38%
S1 - E3 Mazed and Confused
38%
S1 - E1 Meet Me in Tipiskaw
38%
S1 Beta - E6 Moral Compass
38%
S2 BETA - E1 Pilot
38%
S1 - E8 Questionnaire, If you Dare!
38%
S1 - E4 Slip N Slide
38%
S1 - E7 Spit it Out
38%
S3-E6 Strike a Chord
38%
S1 Beta - E8 The End Justifies the Means
38%
S2 BETA - E3 The Kiss-a-thon
38%
S1 - E6 The Most Tranquilous Game
38%
S1 - E12 Trials & Trip-ulations
38%
S4 - E26 All Out, All Over
25%
S3 - E7 Ball Busters
25%
S2 BETA - E6 Broke & Back Mountain
25%
S3 - E13 Dis-vengers
25%
S4 - E22 Dunces and Dragons
25%
S3 - E8 Give me some Space!
25%
S3 - E2 Gone Buck Wild
25%
S3 - E3 H2Oh-No!
25%
S4 - E24 Hit the Brakes
25%
S4 - E5 Husk-Court Line
25%
S4 - E25 Judge, Jury and Executioner
25%
S4 - E4 Jumping the String
25%
S3 - E17 Like a Dark Horse
25%
S2 BETA - E12 Money, Fame and Shame Part 1
25%
S2 BETA - E13 Money, Fame and Shame Part 2
25%
S2 BETA - E8 Nightmare at Tipiskaw
25%
S2 BETA - E7 Not as Easy as it Seems
25%
S1 Beta - E9 Not so Happy Finalists Part 1
25%
S1 Beta - E10 Not so Happy Finalists Part 2
25%
S2 BETA - E2 Open Your Eyes
25%
S4 - E23 Panel of Peers
25%
S2 Remke - E2 Playing With Fire
25%
S4 - E11 Poles Apart
25%
S2 BETA - E10 Popping Trust
25%
S3 - E1 Reach For the Stars
25%
S4 - E13 Rescue Island
25%
S2 BETA - E11 Rotten Fruit
25%
S2 BETA - E9 Sabotage Below Zero
25%
S3 - E4 Sandbag Sabotage
25%
S3 - E9 Slip & Sly
25%
S3 - E5 The Turbulent Triathlon
25%
S4 - E19 Thief in the Night
25%
S3 - E14 TikTok on the Clock
25%
S4 - E6 Tough Act to Follow
25%
S2 BETA - E4 Truth Hurts
25%
S4 - E16 Up in the Air
25%
S3 - E20 What's Mine is Mine
25%
S2 BETA - E5 You Are a Monster
25%
S3 - E10 All is Fair in Love and Paintball
13%
S4 - E10 Appetite for Destruction
13%
S4 - E17 Dead Weight
13%
S4 - E12 Elephant in the Corner
13%
S4 - E15 Fright Night
13%
S4 - E9 Going in Circles
13%
S3 - E16 Gone Downhill
13%
S4 - E18 Hell of an Deal
13%
S3 - E12 Hungry Like the Wolf
13%
S4 - E14 In Deep Water
13%
S3 - E11 Last Second Chance
13%
S3 - E19 No Vacancy
13%
S4 - E20 Pit Stop
13%
S3 - E21 Put to the Sword
13%
S4 - E8 Rocking the Boat
13%
S3 - E18 State of Shock
13%
S4 - E21 Taking New Heights
13%
S4 - E7 Taking the Line
13%
S3 - E15 Weight off your Shoulders
13%
S1 Beta - E7 Big Troubles, Big Suprises
0%
No matching quizzes found
Score Distribution
Percent of People with Each Score
Percentile by Number Answered
Your Score History
You have not taken this quiz since the last reset